1745 1137 1159 1314 1202 1318 1686 1686 1529 1561 1674 1072 1738 1059 1095 1946 1076 1290 1580 1284 1850 1445 1953 1319 1555 1150 1367 1225 1146 1444 1927 1083 1473 1239 1979 1836 1125 1362 1411 1560 1561 1194 1934 1033 1704 1323 1869 1634 1781 1395 1396 1587 1510 1600 1630 1887 1871 1120 1500 1886 1633 1834 1616 1843 1340 1154 1467 1257 1691 1899 1017 1513 1866 1693 1787 1569 1787 1921 1870 1799 1000 1946 1695 1445 1060 1706 1128 1965 1852 1360 1235 1058 1332 1424 1742 1412 1176 1209 1561 BCNSPRNW ULIB Ver.6.0+V

เปลี่ยนเป็นภาษาไทย

Change to English
 แสดงรายละเอียดบรรณานุกรม
  กลับหน้าหลัก

Brief Record : Get Marc (ISO 2709) : E-mail record : QR code < ปิดหน้าต่าง
LEADER : 00000nam 2200000uu 4500
001    13399123636
003     ULIB
008    141021s2551||||th 000 0 tha d
020    ^a9749749450167
090    ^aนว.^bฬ111ด
100    ^aฬีฬา
245    ^aนางฟ้าในดวงใจ/^cฬีฬา
250    ^aพิมพ์ครั้งที่ 1
260    ^aกรุงเทพฯ :^bยาหยี-ยาใจ,^c2551
300    ^a292 หน้า
710 1  ^aยาหยี-ยาใจ
945    ^p390^l0^i21449
995    ^aทศพร
999    ^aทศพร เกษรทอง
รายการนี้ยังไม่มีแท็ก
คุณยังไม่ได้ล็อกอิน คุณสามารถมีกิจกรรมร่วมกับเว็บไซต์ได้ แต่ต้องล็อกอินก่อน ::
  ล็อกอิน

รายการสื่อสารสนเทศ

ลำดับที่ ประเภท เลขเรียก/บาร์โค้ด สถานที่ สถานะ
1. นวนิยาย
นวนิยาย
นว. ฬ111ด ฉ.1 
  Barcode: 21449
ห้องสมุดวิทยาเขตนครสวรรค์
►นวนิยาย:l:Fiction
บนชั้น

รายการใกล้เคียง
    ผู้แต่ง [ฬีฬา]

BibComment


ยังไม่เคยถูกคอมเมนท์

คอมเมนท์ทรัพยากรรายการนี้
  คอมเมนท์: นางฟ้าในดวงใจ ฬีฬา


 Copyright 2026. Bcnsprnw @Library